000 02573nam a2200385 i 4500
001 194048
003 SpMaBN
005 20250719063328.0
007 ta
008 240222s2023 sp | |||| 000 f spa
017 _aAS 00087-2023
_bOficina Depósito Legal Asturias
020 _a9788419343604
_qedición impresa
020 _z978-84-19343-61-1
_qedición digital
040 _aSpMaBN
_bspa
_cSpMaBN
_erda
_dES-MaACL
080 _a821.134.2-31"19"
100 1 _aOtaola, Javier,
_d1956-
_9235665
_eaut
245 1 3 _aLa comisaria Olaizola y el caso del perro blanco
_bMuerte en Armentia /
_cJavier Otaola
_h[Texto impreso]
250 _a1ª edición: julio, 2023
264 1 _aOviedo-Asturias (España) :
_bEditorial Sapere Aude,
_c[2023]
264 4 _c©2023
300 _a274 páginas ;
_c23 cm
336 _aTexto
_2rdacontent
337 _asin mediación
_2rdamedia
338 _avolumen
_2rdacarrier
490 1 _aNovelería
520 _aLa comisaria Zorione Olaizola -Felicidad para sus íntimos- se desplaza desde Bilbao a Vitoria para impartir unos cursos intensivos sobre policía científica en la academia de la Ertzaintza en Arkaute. Felicidad los ha preparado a conciencia y está deseosa de transmitir lo que ha aprendido en la resolución de algunos de los casos más conocidos del Grupo Central de Investigación de la Ertzaintza: identificación de fuentes de registro, análisis y determinación de falsificaciones, documentoscopia, vídeo, estudios de registros sensoriales, acústicas no vocales (sonidos, ruidos de fondo, etc.)., acústica de disparos, determinación de tipos de armas, ambiente y rastros de la escena del crimen, huellas, olores... pero, la violenta muerte de Rafael Barranco, ex-legionario, ex-policía municipal y en el momento de su muerte empresario de éxito, con lucrativos negocios, más o menos legales, y además líder de una peculiar 'capilla satánica' que se reúne secretamente en una pequeña calle de la Ciudad Medieval.
655 0 _aNovelas policíacas
_9233840
852 _aES-MaACL
_bR.155072
_cDEPOJ
_jN-9837
_xEncuadernación rústica con solapas
_hDonación: Javier Otaola
_9202172
_gDedicatoria autógrafa del autor
903 _9235665
_aOtaola, Javier,
_d1956-
_ednr
942 _cMONOGRAFIA
_n0
999 _c194048
_d194048